000 01206nam a2200313 i 4500
001 186762
003 SpMaBN
005 20240605103448.0
008 170213s2015 sp |||| |dspa d
020 _a978-84-92543-69-4
080 _a929 Larrea, Juan
080 _a821.134.2-84"19"
100 0 _aLarrea, Juan,
_d1895-1980
_970333
245 1 0 _aDiario del Nuevo Mundo /
_cJuan Larrea ; introducciones de Gabriele Morelli y Juan Manuel Díaz de Guereñu ; edición de Gabrielle Morelli.
260 _a[Madrid] :
_bFundación Banco Santander,
_c[2015]
300 _a183 p. ;
_c24 cm.
490 1 _aCuadernos de obra fundamental
504 _aReferencias bibliográficas.
600 0 4 _aLarrea, Juan,
_d1895-1980
_970333
700 1 _aMorelli, Gabriele.
_983253
700 0 _aDíaz de Guereñu, Juan Manuel,
_d1956-
_944227
710 2 _aFundación Banco Santander.
_9147458
830 0 _aCuadernos de obra fundamental
_9192594
852 _aES-MaACL
_jA-14025
_9193819
_bR.151333
_cDEPO1
_dOlim: N-7025
_hDonación: Real Academia Española
914 _96336
_aReal Academia Española
_ednr
942 _2udc
_cMONOGRAFIA
999 _c186762
_d186762